00368 2200157 4500001002100000005001500021035002000036245003200056100001500088300002600103260002900129082000800158084001400166020001800180990001200198INLIS00000000000307220250930083237 a0010-09250004191 aSedimen Senja /cSN Ratmana0 aSN Ratmana a192 hlm ;c14 x 21 cm aJakarta :bKompas,c2006 a813 a813 SN s a979-709-240-2 a0755568